Statistiques concernant Citations albums de Tintin

Cliquez ici pour prendre le quiz!

Statistiques générales

  • Ce quiz a été pris 563 fois
  • Le résultat moyen est 16 sur 22

Statistiques - réponses

CitationAlbum% Correct
Quand lama fâché, señor, lui toujours faire ainsi ...Le temple du soleil
91%
Lao-Tzeu l'a dit : "Il faut trouver la voie !" Moi je l'ai trouvée.
Il faut donc que vous la trouviez aussi ...
Le Lotus bleu
89%
C'est notre ami Rascar Capac qui a effrayé votre chien ! ...
Rascar Capac : Celui-qui-déchaîne-le-feu-du-ciel.
Les sept boules de cristal
88%
Tu es un méchant, na ! ... Et je le dirai à mon père !
... Et mon père est émir ! ...
Tintin au pays de l'or noir
87%
Un vol mystérieux a été commis cette nuit au musée ethnographique.
Un fétiche d'une grande rareté a disparu ...
L'oreille cassée
86%
Monsieur m'avait promis un palais à Tapiocapolis ! ... Et tout ce que Monsieur
peut m'offrir, c'est une vieille paillote pleine de cloportes et de cancrelats ! ...
Tintin et les Picaros
81%
Le pays de la soif ! ... Le pays de la soif ! ...Le crabe aux pinces d'or
79%
Moi, Hippolyte Calys, j'ai découvert un métal nouveau, auquel
je donnerai mon nom; le calystène.
L'étoile mystérieuse
79%
Des objections, Spalding ?
Non, monsieur Carreidas, mais je pensais que ...
Ne pensez pas, Spalding, et faites ce qu'on vous dit !
Vol 714 pour Sydney
77%
Allons, qui peut me répondre ? ... Deux plus deux font ? ... Font ? ...
Un léopard !!!
Tintin au Congo
76%
Zouave ! .... Zouave ! ...
Oser me traiter de zouave ! ...
Objectif Lune
75%
Coeur pur marche ... Il marche ... Il marche ...
Il est à bout de forces ....
Coeur pur s'abat lourdement sur le sol ...
Tintin au Tibet
75%
Par le Grand Wacondah ! ... Toi aussi, tu oses manquer de respect à
la Taupe-au-regard-perçant !!!!
Tintin en Amérique
73%
Mais ...mais ... Szut, ça mon nom ...Piotr Szut ... Moi esthonien ...Coke en stock
71%
"La diva e il papagallo "
In questo numero alle pagg. 8-9-10
Les bijoux de la Castafiore
71%
Halte ! Halte ! J'y suis, je m'en souviens ! ...
KIH-OSKH et RAWHAJPOUTALAH ! ...
Les cigares du pharaon
66%
Un voleur !!! Aristide Filoselle, fonctionnaire retraité : un voleur !!!
C'est une méprise, Messieurs ! Une épouvantable méprise !
Le secret de la Licorne
62%
La seule assurance qui me manque, c'est une assurance contre
les casse-pieds !
L'affaire Tournesol
59%
Je retire ce que j'ai dit ! ... Le cirque Hipparque n'a pas besoin de deux
clowns : vous ne pouvez donc pas faire l'affaire ! ....
On a marché sur la Lune
56%
20 milles : c'est une belle promenade ! Nous n'arriverons à Kiltoch
que dans la soirée ...
L'île noire
55%
"Eih bennek, Eih blavek"Le sceptre d'Ottokar
54%
Sapristi ! ...Ma chique ! ....
Moi ... moi ... moi aussi ! .... Avalée ! ....
Le trésor de Rackham Le Rouge
43%

Distribution des résultats

Percentile par nombre de réponses

% des personnes avec chaque résultat

Votre développement - résultats

Vous n’avez pas pris ce quiz